Statistics for Hungary - Portugal UEFA Euro 2016

Click here to take the quiz!

General Stats

  • This quiz has been taken 22 times
  • The average score is 13 of 30

Answer Stats

Answer % Correct
Cristiano Ronaldo ²
95%
Nani ¹
85%
Pepe
70%
Gábor Király
65%
Ricardo Quaresma
65%
Rui Patricio
65%
Ádám Szalai
55%
Balázs Dzsudzsák ²
55%
William Carvalho
50%
Ricardo Carvalho
50%
Zoltán Gera ¹
45%
João Moutinho
45%
Roland Juhász
45%
André Gomes
40%
Renato Sanches
40%
Ádám Lang
40%
João Mário
40%
Bernd Storck
35%
Eliseu
30%
Vieirinha
30%
Ádám Pintér
30%
Gergő Lovrencsics
30%
Ákos Elek
30%
Mihály Korhut
30%
Richárd Guzmics
30%
Zoltán Stieber
25%
Fernando Santos
25%
Barnabás Bese
20%
Krisztián Németh
20%
Danilo Pereira
15%

Score Distribution

Percentile by Number Answered

Percent of People with Each Score

Your Score History

You have not taken this quiz